000 00574nam a22002297a 4500
003 UA-OsUOA
001 49093
007 ta
008 20070920b un ||||| |||| 00| 0 ukr d
100 _aВєдіна В.
090 _a82.09
_bВ11
942 _cBK
040 _aUA-OsUOA
_bukr
_cUA-OsUOA
_dUA-OsUOA
245 _aМарія Конопніцька
300 _a195 с.
955 _a2
041 _aukr
080 _a82.09
260 _aК.
_bДніпро
_c1985
650 7 _a82 Література. Літературознавство
_2UDC
999 _c335201
_d335201